000 00667nam a2200217Ii 4500
003 JO-AjNU
008 230606s9999||||xx |||||||||||||| ||und||
020 _a978-0-321-49169-5
040 _aJO-AjNU
_beng
_erda
_cJO-AjNU
041 _aeng
050 1 4 _aQA76.76 .C65 A37 .2007
100 3 _aAho , Alfred V. , Sethi , Ravi , Ullman , Jeffrey,
_eauthor
_91221
245 0 0 _aCompilers : principles , techniques , andtools 
250 _a2 ed
264 3 1 _aNew york:person,2007
300 _a1009p
336 _atext
_btxt
_2rdacontent
337 _aunmediated
_bn
_2rdamedia
338 _avolume
_bnc
_2rdacarrier
650 4 _a Compilers (Computer programs) 
_91222
999 _aE642
_c642
_d642